00730cam a22002291 4500001001300000003000400013005001700017008004100034010001700075035001800092040001800110042001200128050001800140100002100158245009200179260006700271300001800338500001700356650005000373710006000423999001700483sa 68018156 DLC20260227112709.0721122s1966 xx 000 0 ind  asa 68018156  a(OCoLC)500638 aDLCcOAUdDLC apremarc00aJQ766.C5bS331 aSadli, Mohammad.10aMeneropong suatu aspek dari perimbangan kekuatan politik baru:bhubungan militer-sipil. aDjakarta,bLembaga Ekonomi dan Kemasjarakatan Nasional,c1966. a16 l.c27 cm. aCover title. 0aCivil supremacy over the militaryzIndonesia.1 aDjakarta.bLembaga Ekonomi dan Kemasjarakatan Nasional. c88206d88206